Blitz: European Countries Ending in 'A' Quiz Stats

 Plays Quiz Updated Aug 21, 2018

Challenge
Share
Tweet
Embed
Score 0/18 Timer 01:00
3 Plays Today
% Correct
Latvia
78.5%
Lithuania
75%
Slovakia
72.9%
Estonia
72.6%
Slovenia
70.8%
Romania
70.1%
Austria
68.9%
Bulgaria
68.5%
Albania
68.3%
% Correct
Russia
66.1%
Croatia
65.4%
Serbia
64.4%
Andorra
63.4%
Bosnia and Herzegovina
55.2%
Macedonia
54.7%
Malta
54.3%
Moldova
51.6%
Czechia
49.5%

You're not logged in!

Compare scores with friends on all Sporcle quizzes.
Join for Free
OR
Log In

You Might Also Like...

Show Comments

Extras

Top Quizzes Today


Score Distribution

Your Account Isn't Verified!

In order to create a playlist on Sporcle, you need to verify the email address you used during registration. Go to your Sporcle Settings to finish the process.

Report this User

Report this user for behavior that violates our Community Guidelines.

Details: